000 00476cam a22001337a 4500
008 180718b1980 xxu||||| |||| 00| 0 eng d
082 _aB136x5421 Ag83
245 _aWhole village development programme of agrindus, Banwasi Seva Ashram
260 _aMirzapur
_bSociety for Developing Gramdans
_c1980
300 _a167P.
650 _aBanwasi Seva Ashram - Mirzapur
650 _aBanwasi Seva Ashram - India - Uttar Pradesh
650 _aRural development - India - Uttar Pradesh
999 _c341543
_d341543